| 000 | 00946nam a2200253 i 4500 | ||
|---|---|---|---|
| 001 | bgj | ||
| 245 | 0 | 0 |
_aLanguage, literature and the learner : _bcreative classroom practice / _cedited by Ronald Carter and John McRae. |
| 260 |
_aLondon ; _aNew York : _bLongman, _c1996. |
||
| 300 |
_aXXVIII pp : _bfigures ; _c22 cm. |
||
| 490 | 1 | _aApplied linguistics and language study / Christopher N. Candlin, general editor | |
| 504 | _aBibliography p. 217-225. | ||
| 505 | _aIncludes index. | ||
| 650 | 9 |
_aLanguage and languages _xStudy and teaching _xForeign speakers |
|
| 650 | 9 | _aLanguages and literature | |
| 700 | 1 |
_aCARTER, Ronald _d(1947- ). _eRed. |
|
| 700 | 1 |
_aMcRAE, John. _eRed. |
|
| 830 | 0 | _aApplied linguistics and language study (Christopher N. Candlin, general editor) | |
| 020 | _a0582293235 (pbk) | ||
| 040 | _cBPK | ||
| 041 | 0 | _aeng | |
| 920 | _a0-582-29323-5 (pbk) | ||
| 942 | _cKS | ||
| 008 | s uk f |000 0 eng | ||
| 999 |
_c48196 _d48196 |
||
| 856 |
_uhttp://koha.tu.koszalin.pl/cgi-bin/koha/opac-detail.pl?biblionumber=48196 _yKatalog online BPK |
||